Lu I Pa XTơ

Uloženo v:
Podrobná bibliografie
Hlavní autor: Thanh Sơn
Médium: Kniha
Vydáno: H. Văn Hóa 1977
Témata:
Tagy: Přidat tag
Žádné tagy, Buďte první, kdo otaguje tento záznam!
Thư viện lưu trữ: Trung tâm Học liệu Lê Vũ Hùng, Trường Đại học Đồng Tháp
LEADER 00628pam a22002178a 4500
001 00021728
005 20171026081022.0
008 110526s1977 ||||||Viesd
041 0 # |a Vie 
082 1 4 |a 843  |b L500I 
100 0 # |a Thanh Sơn 
245 0 0 |a Lu I Pa XTơ  |c Thanh Sơn 
260 # # |a H.  |b Văn Hóa  |c 1977 
300 # # |a 493 tr.  |c 19 cm. 
650 # 4 |a Pháp 
650 # 4 |a Văn học hiện đại 
653 # # |a Truyện doanh nhân 
852 # # |b Kho đọc  |j KD.0006253 
852 # # |j KD.0006253 
910 0 # |a kìm  |d 26/05/2011 
980 # # |a Trung tâm Học liệu Lê Vũ Hùng, Trường Đại học Đồng Tháp